• 首页
  • 本馆介绍
  • 公告通知
  • 最新文献
  • 馆藏检索
  • 电子资源
  • 读者导购
  • 参考咨询
  • 我的图书馆
  • 登录
  • 详细信息显示
  • 放入我的书架
  • 预约/预借图书
  • 作者相关作品
  • 分类相关作品
  • 丛书相关作品
  • 出版社相关作品

书目信息

  • 表格格式
  • 工作单格式
  • 卡片格式
题名:
幼儿教师与家长沟通之道
    
 
作者: 晏红 著
分册:  
出版信息: 北京   中国轻工业出版社  2012
页数: 235页
开本: 24cm
丛书名:
单 册:
中图分类: G616
科图分类:
主题词: 幼教人员--关系--家长 , 幼教人员 , 家长
电子资源:
ISBN: 978-7-5019-8508-1
000 00890nam0 2200241 450
001 404
005 20180520212852.65
010    @a978-7-5019-8508-1@dCNY28.00
100    @a20120417d2012 em y0chiy50 ea
101 0  @achi
102    @aCN@b110000
105    @ay z 000yy
200 1  @a幼儿教师与家长沟通之道@9you er jiao shi yu jia zhang gou tong zhi dao@f晏红著
210    @a北京@c中国轻工业出版社@d2012
215    @a235页@d24cm
330    @a本书作者根据家长工作的基本规律,结合现实生活中的真实情况,回答了诸如“如何与不同年龄、不同文化层次的家长沟通”、“如何与不同性格、不同从业背景的家长沟通”、“与不同年级的幼儿家长沟通有哪些技巧”等问题,阐述了幼儿教师与家长沟通的智慧与技巧。
606 0  @a幼教人员@x关系@x家长
606 0  @a幼教人员
606 0  @a家长
690    @aG616@v5
701  0 @a晏红@9yan hong@c(女)@4著
801  0 @aCN@b91MARC@c20130904
905    @aMuseLib@dG616@e447
    
    幼儿教师与家长沟通之道/晏红著.-北京:中国轻工业出版社,2012
    235页;24cm
    
    
    ISBN 978-7-5019-8508-1:CNY28.00
    本书作者根据家长工作的基本规律,结合现实生活中的真实情况,回答了诸如“如何与不同年龄、不同文化层次的家长沟通”、“如何与不同性格、不同从业背景的家长沟通”、“与不同年级的幼儿家长沟通有哪些技巧”等问题,阐述了幼儿教师与家长沟通的智慧与技巧。
●
相关链接 在E读中查询图书 在五车中查询图书 在当当中查询图书 在豆瓣中查询图书


正题名:幼儿教师与家长沟通之道     索取号:G616/447         预约/预借

序号 登录号 条形码 馆藏地/架位号 状态 备注
1 1102356   211023569   第一样本阅览室/ [索取号:G616/447] 在馆    
2 1102357   211023578   教育系资料室/ [索取号:G616/447] 在馆    
3 1102358   211023587   教育系资料室/ [索取号:G616/447] 在馆    
4 1102359   211023596   教育系资料室/ [索取号:G616/447] 在馆    
5 1102360   211023603   第四借阅区/ [索取号:G616/447] 在馆    
6 1102361   211023612   第四借阅区/ [索取号:G616/447] 在馆    
唐山师范学院图书馆 欢迎您!
大连网信软件有限公司© 版权所有